Szczegóły MARC21

Najpiękniejsze zamki /

005 -DATA I CZAS OSTATNIEJ MODYFIKACJI [,]
    • @
    • pole kontrolne
    • 20140220085419.0
020 -Międzynarod. znormalizowany nr książki - ISBN [ , ]
    • a
    • Numer ISBN
    • 9788361704508 Find
040 -Instytucja sporządzająca opis [ , ]
    • a
    • Instytucja, która sporządziła opis (NP)
    • SZCZ U/JG
    • c
    • Instytucja, która sporządziła rekord (NP)
    • SZCZ U/JG
    • d
    • Instytucja, która zmodyfikowała rekord (P)
    • SZCZ U/ML
041 -Język dokumentu [0, ]
    • a
    • Język tekstu (P)
    • polski
044 -Kraj miejsca wydania [ , ]
    • a
    • Kraj miejsca wydania
    • Polska
942 -Rodzaj dokumentu [ , ]
    • c
    • Rodzaj dokumentu
    • Książka
100 -Hasło główne - nazwa osobowa [1, ]
    • 9
    • KHW
    • 68114
    • a
    • Nazwa osobowa (NP)
    • Gontarska, Elżbieta.
245 -Strefa tytułu i oznaczenia odpowiedzialności [1,0]
    • a
    • Tytuł
    • Najpiękniejsze zamki / Find
    • c
    • Pozostałe elementy strefy tytułu i oznaczenia odpowiedzialności (NP)
    • [tekst Elżbieta Gontarska ; red. Krystyna Pawliszak ; wybór zdj. Christakis Akhtar, Elżbieta Gontarska].
260 -Strefa adresu wydawniczego [ , ]
    • a
    • Miejsce wydania (P)
    • Warszawa :
    • b
    • Nazwa wydawcy (P)
    • Martel,
    • c
    • Data wydania (P)
    • 2010.
300 -Strefa opisu fizycznego [ , ]
    • a
    • Określenie formy książki i/lub objętość (NP)
    • 112 s. :
    • b
    • Oznaczenie ilustracji (NP)
    • zdj. kolor. ;
    • c
    • Format (NP)
    • 30 cm.
080 -Uniwersalna Klasyfikacja Dziesiętna [ , ]
    • 2
    • Identyfikator wydania tablic
    • UDC-P058
    • 9
    • UKD
    • 6051
    • a
    • Symbol klasyfikacji
    • 728.8
    • b
    • Dopowiedzenie
    • Zamki. Pałace. Dwory.
    • 4
    • UKD2
    • 27341
    • x
    • Poddział wspólny
    • (084.121)
    • c
    • Dopowiedzenie poddz. wspólnego
    • (Fotografie. Albumy fotograficzne).
980 -Symbol UKD [ , ]
    • a
    • UKD
    • 728.8(084.121)
700 -Hasło dodatkowe - nazwa osobowa [1, ]
    • 9
    • KHW
    • 68115
    • a
    • Nazwa osobowa (NP)
    • Pawliszak, Krystyna. Find
    • e
    • Określenie rodzaju współpracy
    • Red.
700 -Hasło dodatkowe - nazwa osobowa [1, ]
    • 9
    • KHW
    • 68116
    • a
    • Nazwa osobowa (NP)
    • Akhtar, Christakis. Find
    • e
    • Określenie rodzaju współpracy
    • Wybór
710 -Hasło dodatkowe - nazwa ciała zbiorowego [2, ]
    • 4
    • Kod relacji
    • pbl
    • 9
    • KHW
    • 68117
    • a
    • Nazwa ciała zbiorowego lub nazwa geograficzna jako pierwszy element (NP)
    • Martel.
920 -ISBN [ , ]
    • a
    • ISBN
    • 978-83-61704-50-8 Find
Sygnatura Numer inwentarzowy Status udost. Data inwentaryzacji Lokalizacja
T.14392T.1439212014-01-20T